书目信息 |
| 题名: |
张量数据的特征提取与分类
|
|
| 作者: | 张帆 , 许丽 , 孙帅 著 | |
| 分册: | ||
| 出版信息: | 北京 中国水利水电出版社 2017.08 |
|
| 页数: | 183页 | |
| 开本: | 23cm | |
| 丛书名: | ||
| 单 册: | ||
| 中图分类: | O183.2 | |
| 科图分类: | ||
| 主题词: | 张量分析--数据采集 | |
| 电子资源: | ||
| ISBN: | 978-7-5170-5755-0 | |
| 000 | 00859nam0 2200241 450 | |
| 001 | 413 | |
| 005 | 20180922105504.07 | |
| 010 | @a978-7-5170-5755-0@dCNY48.00 | |
| 100 | @a20180412d2017 em y0chiy50 ea | |
| 101 | 0 | @achi |
| 102 | @aCN@b110000 | |
| 105 | @aa z 000yy | |
| 200 | 1 | @a张量数据的特征提取与分类@9zhang liang shu ju de te zheng ti qu yu fen lei@f张帆,许丽,孙帅著 |
| 210 | @a北京@c中国水利水电出版社@d2017.08 | |
| 215 | @a183页@c图@d23cm | |
| 330 | @a本书的主要研究内容是在模式识别应用领域中,提出新的基于张量数据的特征提取和分类算法,并且对这些张量型算法进行详细的理论推导和性能分析,在实验中验证所提出算法的优越性。 | |
| 606 | 0 | @a张量分析@x数据采集 |
| 690 | @aO183.2@v5 | |
| 701 | 0 | @a张帆@9zhang fan@4著 |
| 701 | 0 | @a许丽@9xu li@4著 |
| 701 | 0 | @a孙帅@9sun shuai@4著 |
| 801 | 0 | @aCN@b91MARC@c20180412 |
| 905 | @aMuseLib@dO183.2@e12 | |
| 张量数据的特征提取与分类/张帆,许丽,孙帅著.-北京:中国水利水电出版社,2017.08 |
| 183页:图;23cm |
| ISBN 978-7-5170-5755-0:CNY48.00 |
| 本书的主要研究内容是在模式识别应用领域中,提出新的基于张量数据的特征提取和分类算法,并且对这些张量型算法进行详细的理论推导和性能分析,在实验中验证所提出算法的优越性。 |
| ● |
| 相关链接 |
|
|
|
|
正题名:张量数据的特征提取与分类
索取号:O183.2/12
 
预约/预借
| 序号 | 登录号 | 条形码 | 馆藏地/架位号 | 状态 | 备注 |
| 1 | 1119759 | 211197596 | 第二样本阅览室/ [索取号:O183.2/12] | 在馆 | |
| 2 | 1119760 | 211197603 | 第三借阅区/ [索取号:O183.2/12] | 在馆 | |
| 3 | 1119761 | 211197612 | 第三借阅区/ [索取号:O183.2/12] | 在馆 | |
| 4 | 1119762 | 211197621 | 第三借阅区/ [索取号:O183.2/12] | 在馆 | |
| 5 | 1119763 | 211197630 | 密集书库-数信学院/ [索取号:O183.2/12] | 在馆 |